书目信息 |
| 题名: |
弹性理论
|
|
| 作者: | 王龙甫 编 | |
| 分册: | ||
| 出版信息: | 北京 科学出版社 1984 |
|
| 页数: | 500页 | |
| 开本: | 21cm | |
| 丛书名: | ||
| 单 册: | ||
| 中图分类: | O343 | |
| 科图分类: | ||
| 主题词: | 弹性理论 | |
| 电子资源: | ||
| ISBN: | ||
| 000 | 00617nam0 2200253 45 | |
| 001 | 0184002695 | |
| 005 | 20040914104835.7 | |
| 010 | @dCNY2.95 | |
| 091 | @a13031.2648 | |
| 100 | @a19950406d1984 em y0chiy0121 ea | |
| 101 | 0 | @achi |
| 102 | @aCN@b110000 | |
| 105 | @ay z 000yy | |
| 106 | @ar | |
| 200 | 10 | @a弹性理论@Atan xing li lun@f王龙甫编 |
| 205 | @a2版 | |
| 210 | @a北京@c科学出版社@d1984 | |
| 215 | @a500页@d21cm | |
| 606 | @a弹性理论 | |
| 690 | @aO343@v3 | |
| 701 | 0 | @a王龙甫@Awang long fu@4编 |
| 801 | 0 | @aCN@b上海图书馆@c20040914 |
| 801 | 2 | @aCN@bNLC@c20040914 |
| 905 | @f1@b117170@dO343@e15 | |
| 弹性理论/王龙甫编.-2版.-北京:科学出版社,1984 |
| 500页;21cm |
| ISBN :CNY2.95 |
| ● |
| 相关链接 |
|
|
|
|
正题名:弹性理论
索取号:O343/15
 
预约/预借
| 序号 | 登录号 | 条形码 | 馆藏地/架位号 | 状态 | 备注 |
| 1 | 0025976 | 000385531 | 密集书库/ [索取号:O343/15] | 在馆 | |
| 2 | 0117170 | 001931191 | 第二样本阅览室/ [索取号:O343/15] | 在馆 |